000 00420nam a2200181Ia 4500
005 20250423100721.0
008 250422s9999 xx 000 0 und d
020 _a9788120774100
050 _aHD59 .J48/
100 _aJethwaney, Jaishri
245 0 _aPublic relations management
260 _aNew Delhi
260 _bSterling
260 _c2009
300 _a320 p
650 _aPublic relations.
942 _cBK
999 _c34147
_d34147